Słownik geograficzny #3 - Statystyki

Ogólne statystyki
  • Ten quiz został rozwiązany 25 razy
  • Średni wynik to 8 z 15
Statystyki odpowiedzi
Pojęcie Definicja % Poprawnych
Agroturystyka Typ turystyki odbywającej się na wsi i związanej z walorami przyrodniczymi i kulturowymi obszarów wiejskich.
95%
Tornado Lokalna nazwa na trąbę powietrzną używana w USA.
95%
Transport Dział usług, jedna z dwóch (obok łączności) składowych komunikacji. Odpowiada za przewóz ładunków i osób.
90%
Lawina Jeden z nietypowych rodzajów ruchów masowych, jest najgwałtowniejszym i najniebezpieczniejszym ze wszystkich z nich. Obejmuje nagłe przemieszczenie ciężkiego śniegu, lodu i mas skalnych na obszarach górskich.
86%
Koza Jedno z głównych zwierząt gospodarskich wykorzystywanych w rolnictwie. Należy do najstarszych udomowionych zwierząt gospodarskich. Cechuje się niskimi wymaganiami w zakresie chowu – dobrze radzi sobie na słabej jakości pastwiskach oraz w trudnych warunkach terenowych.
76%
Rasizm Ideologia wskazująca, że nie wszystkie odmiany człowieka są równe i odmiana biała powinna panować nad pozostałymi.
67%
Siarka Pierwiastek chemiczny (S), najczęściej występujący jako minerał o charakterystycznej żółtej barwie lub jako pierwiastek składowy innych minerałów.
67%
Anomalia W geografii rozumie się przez to odchylenie od zjawisk typowych dla danego obszaru lub zwykle w nim obserwowanych, mające charakter nietypowy, rzadki lub ekstremalny.
57%
Język Wykształcony, złożony system komunikacji międzyludzkiej. Może mieć formę mówioną i pisaną.
57%
Torf Skała osadowa pochodzenia organicznego (ze szczątków roślinnych). Zawiera poniżej 60% węgla w swoim składzie. W niektórych krajach znajduje zastosowanie jako opał, powszechniej wykorzystywany jest w medycynie i ogrodnictwie.
57%
Fiord Długa, wąska i kręta zatoka morska o stromych brzegach, ciągnąca się z reguły na dziesiątki kilometrów. Powstaje w wyniku zalania przez morze utworzonych przez lodowiec górski dolin u-kształtnych.
43%
Bór Jeden z typów formacji leśnych występujących w Polsce, formacja lasów iglastych, w tym nierzadko monokultury sosny, czasami z domieszką innych drzew (świerk, jodła), w tym liściastych (dąb, brzoza).
29%
Sandr Jedna z akumulacyjnych form fluwioglacjalnych, rozległa, równinna, piaszczysta lub żwirowa forma terenu utworzona na przedpolu topniejącego lądolodu ze spływających z niego wód tuż przed pradoliną, w czasie jego dłuższego postoju. Obecnie najczęściej porośnięte lasem iglastym.
14%
Lido Piaszczysty wał wyrastający ponad poziom morza, w pewnej odległości od brzegu, tworzony przez fale rozbijające się z dala od brzegu i osadzające tam niesiony materiał.
10%
Rewa Podwodny, zwykle równoległy do brzegu piaszczysty wał przybrzeżny (mielizna) często zalegający bardzo płytko pod wodą. Potrafi ciągnąć się nawet na wiele kilometrów.
5%
Nie znaleziono quizów pasujących do podanych kryteriów
Rozkład punktacji
Procent ludzi z każdym wynikiem
Percentyl według liczby udzielonych odpowiedzi
Twoja historia wyników
Nie rozwiązałeś tego quizu